A comparative analysis of information on national industrial and expenditures
Đã lưu trong:
| Format: | Bog |
|---|---|
| Sprog: | Undetermined |
| Udgivet: |
Washington
National Science Foundation
1987
|
| Fag: | |
| Tags: |
Tilføj Tag
Ingen Tags, Vær først til at tagge denne postø!
|
| Thư viện lưu trữ: | Trung tâm Học liệu Trường Đại học Cần Thơ |
|---|
| LEADER | 00470nam a2200157Ia 4500 | ||
|---|---|---|---|
| 001 | CTU_98585 | ||
| 008 | 210402s9999 xx 000 0 und d | ||
| 082 | |a 338.919 | ||
| 082 | |b C737 | ||
| 245 | 2 | |a A comparative analysis of information on national industrial and expenditures | |
| 260 | |a Washington | ||
| 260 | |b National Science Foundation | ||
| 260 | |c 1987 | ||
| 650 | |a industrial policy | ||
| 904 | |i Truc | ||
| 980 | |a Trung tâm Học liệu Trường Đại học Cần Thơ | ||